Presidential Sitcoms Quiz Stats

 Plays Quiz Updated Nov 18, 2017

Challenge
Share
Tweet
Embed
Score 0/22 Timer 05:00
0 Plays Today
Sitcom Title President % Correct
Welcome Back, GroverGrover Cleveland
93.3%
Cheney in ChargeGeorge W. Bush
92.6%
The Adams FamilyJohn Adams
92.5%
Herbie the Depression BugHerbert Hoover
86.1%
3rd Pres. from the U.S.Thomas Jefferson
86.1%
Term #4, Where Are You?Franklin D. Roosevelt
85.4%
Lady Birds of a FeatherLyndon B. Johnson
82.7%
Chester & the ManChester A. Arthur
82.7%
Maid Monica & Her Merry ManBill Clinton
81.6%
Orange is the New PresidentDonald Trump
75.3%
Kenyan & KelBarack Obama
74.5%
Sitcom Title President % Correct
Gipper-gan's IslandRonald Reagan
73.2%
Father (of the Constitution) Knows BestJames Madison
73.2%
First in the HeartGeorge Washington
71.3%
Stuck in the Bathtub with YouWilliam Howard Taft
70.6%
I Dream of MamieDwight D. Eisenhower
66.2%
Checkers, Come HomeRichard M. Nixon
66.1%
From Cuber with LoveJohn F. Kennedy
65.2%
Benji in the MiddleBenjamin Harrison
62.9%
Bess of the WestHarry Truman
56.1%
Kinderhook ConfidentialMartin Van Buren
29.9%
I Love Lemonade LucyRutherford B. Hayes
24.2%

You're not logged in!

Compare scores with friends on all Sporcle quizzes.
OR
Log In

You Might Also Like...

Show Comments

Extras

Top Quizzes Today


Score Distribution

Your Account Isn't Verified!

In order to create a playlist on Sporcle, you need to verify the email address you used during registration. Go to your Sporcle Settings to finish the process.

Report this User

Report this user for behavior that violates our Community Guidelines.

Details: